Beaumont and Fletcher (Record no. 19262)
[ view plain ]
| 000 -CABECERA | |
|---|---|
| campo de control de longitud fija | 00578cam a22002172a 4500 |
| 001 - NÚMERO DE CONTROL | |
| campo de control | 013495 |
| 003 - IDENTIFICADOR DEL NÚMERO DE CONTROL | |
| campo de control | AR-FADEU |
| 008 - DATOS DE LONGITUD FIJA--INFORMACIÓN GENERAL | |
| campo de control de longitud fija | 311216n1967####xxu####################dd |
| 092 ## - ASIGNACIÓN LOCAL DE SIGNATURA TOPOGRÁFICA DEWEY (OCLC) | |
| Número de clasificación | 928 |
| Número de documento/Ítem | F612 |
| 100 ## - ENTRADA PRINCIPAL--NOMBRE DE PERSONA | |
| Nombre de persona | Fletcher, Ian |
| 245 ## - MENCIÓN DE TÍTULO | |
| Título | Beaumont and Fletcher |
| 260 ## - PUBLICACIÓN, DISTRIBUCIÓN, ETC. (PIE DE IMPRENTA) | |
| Lugar de publicación, distribución, etc. | London |
| 260 ## - PUBLICACIÓN, DISTRIBUCIÓN, ETC. (PIE DE IMPRENTA) | |
| Nombre del editor, distribuidor, etc. | Longmans, Green |
| 260 ## - PUBLICACIÓN, DISTRIBUCIÓN, ETC. (PIE DE IMPRENTA) | |
| Fecha de publicación, distribución, etc. | 1967 |
| 300 ## - DESCRIPCIÓN FÍSICA | |
| Extensión | 60 p. : il |
| 440 ## - MENCIÓN DE SERIE/PUNTO DE ACCESO ADICIONAL--TÍTULO | |
| Título | Writers and their work, bibliographical |
| Número de parte o sección de la obra | 199 |
| 500 ## - NOTA GENERAL | |
| Nota general | Includes bibliography |
| 546 ## - NOTA DE LENGUA/LENGUAJE | |
| Nota de lengua/lenguaje | Inglés |
| 650 ## - PUNTO DE ACCESO ADICIONAL DE MATERIA--TÉRMINO DE MATERIA | |
| Término de materia o nombre geográfico como elemento inicial | BEAUMONT, FRANCIS-BIOGRAFIA; FLETCHER, JOHN-BIOGRAFIA; BIOGRAFIAS |
| 942 ## - ELEMENTOS DE PUNTO DE ACCESO ADICIONAL (KOHA) | |
| Tipo de ítem Koha | BDGR |
| Estado de retiro | Estado de pérdida | Estado dañado | No para préstamo | Localización permanente | Ubicación/localización actual | Fecha de adquisición | Número de inventario | Total de préstamos | Signatura topográfica completa | Código de barras | Fecha visto por última vez | Precio válido a partir de | Tipo de ítem Koha |
|---|---|---|---|---|---|---|---|---|---|---|---|---|---|
| Biblioteca Ernesto Sabato - FADECS - UNCOMA | Biblioteca Ernesto Sabato - FADECS - UNCOMA | 21/02/2017 | 04445 | 928 F612 | 04445 | 21/02/2017 | 21/02/2017 | BDGR |